ბათუმის შოთა რუსთაველის სახელმწიფო უნივერსიტეტის ბიბლიოთეკა

საბჭოთა აჭარა (ბიბ.ჩანაწერი № 43345)

000 -LEADER
fixed length control field 00814nam a2200229Ia 4500
001 - CONTROL NUMBER
control field 10073
003 - CONTROL NUMBER IDENTIFIER
control field GE_BSU
008 - FIXED-LENGTH DATA ELEMENTS--GENERAL INFORMATION
fixed length control field 181216s||||||||xx |||||||||||||| ||und||
040 ## - CATALOGING SOURCE
Transcribing agency GE_BSU
080 ## - UNIVERSAL DECIMAL CLASSIFICATION NUMBER
Universal Decimal Classification number 821.353.1–82
245 ## - TITLE STATEMENT
Title საბჭოთა აჭარა
245 ## - TITLE STATEMENT
Remainder of title მხატვრული კრებული
245 ## - TITLE STATEMENT
Statement of responsibility, etc. რედ.დ.დუმბაძე.მხატვ.ს.თეთრაძე
260 ## - PUBLICATION, DISTRIBUTION, ETC.
Place of publication, distribution, etc. ბათომი
260 ## - PUBLICATION, DISTRIBUTION, ETC.
Name of publisher, distributor, etc. აჭარის სახელგამი
260 ## - PUBLICATION, DISTRIBUTION, ETC.
Date of publication, distribution, etc. 1936
300 ## - PHYSICAL DESCRIPTION
Extent 72გვ.ილ.22სმ.
520 ## - SUMMARY, ETC.
Summary, etc. დამატებითი თავფურც.რუსულ ენაზე
653 ## - INDEX TERM--UNCONTROLLED
Uncontrolled term მხატვრული კრებული
653 ## - INDEX TERM--UNCONTROLLED
Uncontrolled term საბჭოთა აჭარა
942 ## - ADDED ENTRY ELEMENTS (KOHA)
Koha item type წიგნი
ეგზემპლარები
Withdrawn status Lost status Damaged status Not for loan Date acquired Barcode Date last seen Price effective from Koha item type
        2018-12-17 33617 2018-12-17 2018-12-17 წიგნი
        2018-12-17 33618 2018-12-17 2018-12-17 წიგნი